| 000 | 00528nam a2200181 4500 | ||
|---|---|---|---|
| 008 | 0 1991 0a 000 0Sin | ||
| 020 | _a0-07-100804-7 | ||
| 050 | _aQA76.D3 K85 | ||
| 082 | _a001.6 K249d | ||
| 100 | _aKorth F. Henry | ||
| 245 | _aDatabase System Concepts / Henry F. Korth, Abraham Silberchatz | ||
| 250 | _a2 | ||
| 260 | _aSingapore : Mcgraw-Hill | ||
| 300 | _axix, 694 p. / 24 cm. | ||
| 500 | _aIncluye biliografía | ||
| 650 | _a1.- DATABASE MANAGEMENT | ||
| 700 | _aSilberschatz, Abraham coaut. | ||
| 999 |
_c11750 _d11750 |
||